000 00653nam a2200241Ia 4500
003 OSt
005 20220918213631.0
006 a|||||r|||| 00| 0
007 ta
008 220917b |||||||| |||| 00| 0 eng d
024 _a133,648
037 _cTextual
040 _aARTS
_cARTS
_beng
041 _2eng
_aeng
082 _aX65.3.N5, K8
100 _aReddaway W B
245 0 _aEffects of U K direct investment overseas
_b Final report
260 _aCambridge
_bCambridge University Press
_c1968
300 _a408p
_ccm.
650 _aECONOMICS
942 _hX65.3.N5, K8
_cTEXL
_2CC
999 _c256756
_d256756